Component project variety improvement research of vegetables, upland crops and fruit trees

में बचाया:
ग्रंथसूची विवरण
स्वरूप: पुस्तक
भाषा:Undetermined
प्रकाशित: Can Tho University of Can tho 1993
विषय:
टैग : टैग जोड़ें
कोई टैग नहीं, इस रिकॉर्ड को टैग करने वाले पहले व्यक्ति बनें!
Thư viện lưu trữ: Trung tâm Học liệu Trường Đại học Cần Thơ
LEADER 00488nam a2200157Ia 4500
001 CTU_38518
008 210402s9999 xx 000 0 und d
082 |a 631.52 
082 |b C736 
245 0 |a Component project variety improvement research of vegetables, upland crops and fruit trees 
260 |a Can Tho 
260 |b University of Can tho 
260 |c 1993 
650 |a vegetables - varieties 
904 |i Liên, 990423 
980 |a Trung tâm Học liệu Trường Đại học Cần Thơ